LEADER 00744nab a2200157 i 4500 001 000000260415 003 CaOOAMICUS 005 20050309000000.0 008 050309n xx uu u0 0und r 013 $a1161 040 $aSeMil$bita 245 10$aMass media ed educazione religiosa [2]. - 63, 15 p. :$bill. - Contiene : Note's Graffiti. - Titolo principale [Dossier] dalla copertina. 500 $aDICEMBRE 2004. 773 0 $t[2004 : Giugno-Dicembre].$dLeumann (Torino) : Elledici, 2004.$w()135724 774 0 $aRuggeri, Giacomo <1969- >$tChiamati perché amati.$w()304592 996 $6245$aMass media ed educazione religiosa [2]. - 63, 15 p. :$bill. - Contiene : Note's Graffiti. - Titolo principale [Dossier] dalla copertina.$9(OLS)http://semarc/title/355128 LEADER 00960nam a2200217 i 4500 001 000000009860 003 CaOOAMICUS 005 20180830125440.0 008 180830s1897 it u000 u ita u 040 $aSeMil$bita 100 1 $aCairo, Giovanni.$0(OLS)http://semarc/name/89723 245 10$aCodogno e il suo territorio nella cronaca e nella storia /$cGio. Cairo, F. Giarelli. 260 $aCodogno :$bTip. ed. G. Cairo,$c1897-1898- 300 $a2 v. ;$c25 cm. 650 4$aCodogno - Storia.$0(OLS)http://semarc/subject/44739 700 1 $aGiarelli, Francesco.$0(OLS)http://semarc/name/89724 774 0 $aBhaktivedantasvami <1896-1977>$tSrimad Bhagavatam.$dFirenze : Edizioni Bhaktivedanta, [19--]$w()9156 774 0 $tVol. 1.$g1$w()78839 774 0 $tVol. 2.$g2$w()253051 996 $6245$aCodogno e il suo territorio nella cronaca e nella storia$9(OLS)http://semarc/title/401182 996 $6260$aCodogno :$bTip. ed. G. Cairo$9(OLS)http://semarc/publisher/55879